| 000 | 01206cam a2200277 i 4500 | ||
|---|---|---|---|
| 001 | 2689971 | ||
| 003 | LC | ||
| 005 | 20160316110653.0 | ||
| 008 | 760429r1976 ctu 000 1 eng | ||
| 010 | _a 75028857 | ||
| 020 | _a9780586208632 | ||
| 040 |
_aDLC _cDLC _dDLC |
||
| 050 | 0 | 0 |
_aPZ 3 _b.H691 1990 |
| 082 | 0 | 0 |
_aFIC _bH66h 1990 |
| 100 | 1 |
_aHodgson, William Hope, _d1875-1918. _918879 |
|
| 245 | 1 | 4 |
_aThe house on the borderland _cby William Hope Hodgson. |
| 260 |
_aWestport, Conn. : _bHyperion Press, _cc1908. |
||
| 300 |
_a300 p. ; _c22 cm. |
||
| 490 | 0 | _aClassics of science fiction | |
| 500 | _aReprint of the ed. published by Chapman and Hall, London. | ||
| 520 | _aThe House on the Borderland is a true classic of dark fantasy. It blends haunting visions of far-future cataclysm and unearthly transdimensional odysseys with a terrifying story of one man's battle against monsters from the Pit. In its power to grip, astound and terrify readers as it takes them to the far reaches of a bizarre alien cosmos it is unrivalled in imaginative fiction | ||
| 655 | 7 |
_aScience fiction. _2gsafd _91889 |
|
| 906 |
_a7 _bcbc _corignew _d1 _eocip _f19 _gy-gencatlg |
||
| 942 |
_2lcc _cBK |
||
| 999 |
_c128 _d128 |
||